| 000 | 00808cam a2200241 a 4500 | ||
|---|---|---|---|
| 001 | 3382534 | ||
| 005 | 20180123044710.0 | ||
| 008 | 880406s1988 cau b 000 0 eng | ||
| 010 | _a 88014016 | ||
| 020 |
_a0803933649 : _c$12.50 |
||
| 020 |
_a0803933657 (pbk.) : _c$6.00 |
||
| 040 |
_aDLC _cDLC _dDLC |
||
| 041 | _aeng | ||
| 080 | _a305.23072 FIN | ||
| 082 | 0 | 0 |
_a305.23072 FIN _219 |
| 100 | 1 | _a50 | |
| 101 | _aSOC | ||
| 245 | 1 | 0 |
_aKnowing children : _cGary Alan Fine and Kent L. Sandstrom. |
| 504 | _aBibliography: p. 79-84. | ||
| 906 |
_a7 _bcbc _corignew _d1 _eocip _f19 _gy-gencatlg |
||
| 942 |
_2ddc _cBK |
||
| 999 |
_c40757 _d40757 |
||